000 00432nam a2200181Ia 4500
008 230711s9999||||xx |||||||||||||| ||und||
020 _a978-93-81075-10-4
041 _aENG
082 _a615.19
_bJA-P
100 _aJain,U.K
245 0 _aPharmaceutical packaging technology
250 _a2nd Ed.
260 _c2008
_aHyderbad
_bPharmaMed Press
300 _a290p.
650 _aPharmacy
700 _aGoupale,D C
942 _cBK
999 _c7121
_d7121